000 00545nam a2200205 a 4500
005 20210223123813.0
008 991125n 000 0 u
035 _aUPN01000067497
100 _aCIRIGLIANO, Gustavo F. J.
_938109
222 _aPUNTO 21 : REVISTA DE EDUCACION
245 _aCiencia y estilo de desarrollo
260 _aMontevideo, Uruguay
300 _a5-12
362 _a1991 No. 55, sep.
653 0 _aCIENCIAS
653 0 _aDESARROLLO INDUSTRIAL
653 0 _aTECNOLOGIA
904 _aAC
_b005308
905 _aArticulo
999 _c64064
_d64064